000 00518aam a2200205 4500
005 20231010135942.0
008 150615b xxu||||| |||| 00| 0 spa d
041 _aEspañol
082 _a155.23 S655c
100 _aSmith J., Manuel
245 _aCuando digo no, me siento culpable
260 _aEspaña
260 _bGrijalbo
260 _c2000
300 _a287 páginas
650 _aSUPERACIÓN PERSONAL
650 _aRELACIONES PERSONALES
650 _aCULPABILIDAD
942 _cLIT
_2ddc
999 _c1344
_d1344